000 00872 aa a2200217 4500
005 2012060408238.0
010 _a
020 _c200.00
_a8188712086
035 _aB-151984
037 _bpub
082 _a509.2
100 _aकमल, एम.पी.
_948392
245 _aअंतर्राष्ट्रीय ख्याति प्राप्त भारतीय वैज्ञानिक /
_cएम.पी.कमल
246 _a
_b
260 _aनई दिल्ली
_bकीर्तिमान प्रकाशन
_c2004
270 _a
_b
_e
300 _a192पृ
_c22 सेमी (अजिल्द)
490 _a
_948393
942 _adpl
_cHN
_k
_2ddc
_h509.2
_mकमल
999 _c67457
_d67457